LEADER 01657nam--2200457---450- 001 990000401390203316 005 20060426142351.0 010 $a88-16-30002-7 035 $a0040139 035 $aUSA010040139 035 $a(ALEPH)000040139USA01 035 $a0040139 100 $a20010417h19751994km-y0itay0103----ba 101 $ait 102 $aITA 105 $a||||||||001yy 200 1 $a<> conversione al cristianesimo nei primi secoli$fGustave Bardy$gtraduzione di Giuseppe Ruggeri 210 $aMilano$cJaca book$d1975$h1994 215 $a345 p.$d23 cm 225 2 $aGià e non ancora$v2 312 $aLa conversion au christianisme durant les premiers siècle 410 $12001$aGià e non ancora$v2 454 $12001$aLa conversion au christianisme durant les premiers siècle$923891 606 0 $aCristianesimo$xDiffusione$zsec. 1.-5. 700 1$aBARDY,$bGustave$0439263 702 1$aRUGGIERI,$bGiuseppe 801 0$aIT$bsalbc$gISBD 912 $a990000401390203316 951 $aII.2. 4217(XV B COLL. 130/2)$b124485 LM$cXV B COLL. 130/2 951 $aII.2. 4217a(XV B COLL. 130/2 BIS)$b126247$cXV B COLL. 130/2 BIS 951 $aII.2. 4217b(XV B COLL. 130/2 A)$b126248$cXV B COLL. 130/2 A 951 $aXV B COLL. 130/2 B$b126249$cXV B COLL. 130/2 B 959 $aBK 969 $aUMA 979 $aPATTY$b90$c20010417$lUSA01$h1328 979 $c20020403$lUSA01$h1648 979 $aPATRY$b90$c20040406$lUSA01$h1628 979 $aCOPAT7$b90$c20060426$lUSA01$h1421 979 $aCOPAT7$b90$c20060426$lUSA01$h1423 996 $aLa conversion au christianisme durant les premiers siècle$923891 997 $aUNISA LEADER 02090oam 2200589 450 001 9910717195603321 005 20220624183015.0 035 $a(CKB)5470000002528256 035 $a(OCoLC)1291896053 035 $a(EXLCZ)995470000002528256 100 $a20220113d1974 ua 0 101 0 $aeng 135 $aur||||||||||| 181 $ctxt$2rdacontent 182 $cc$2rdamedia 183 $acr$2rdacarrier 200 10$aLimnological study of Lake Shastina, Siskiyou County, California /$fby Alex E. Dong, Kenneth W. Beatty, and Robert C. Averett 210 1$aMenlo Park, Calif. :$cU.S. Geological Survey,$d1974. 215 $a1 online resource (vi, 52 pages) $cillustrations, maps 225 1 $aWater-resources investigations ;$v74-19 300 $a"November 1974." 320 $aIncludes bibliographical references (pages 50-52). 606 $aWater quality$zCalifornia$zSiskiyou County$xMeasurement 606 $aEutrophication$zCalifornia$zSiskiyou County 606 $aWater$xNitrogen content$zCalifornia$zSiskiyou County 606 $aWater$xPhosphorus content$zCalifornia$zSiskiyou County 606 $aEutrophication$2fast 606 $aWater$xNitrogen content$2fast 606 $aWater$xPhosphorus content$2fast 606 $aWater quality$xMeasurement$2fast 607 $aCalifornia$zSiskiyou County$2fast 615 0$aWater quality$xMeasurement. 615 0$aEutrophication 615 0$aWater$xNitrogen content 615 0$aWater$xPhosphorus content 615 7$aEutrophication. 615 7$aWater$xNitrogen content. 615 7$aWater$xPhosphorus content. 615 7$aWater quality$xMeasurement. 700 $aDong$b Alex E.$01406982 702 $aBeatty$b Kenneth W$g(Kenneth Wilson), 702 $aAverett$b Robert C. 712 02$aGeological Survey (U.S.), 801 0$bGPO 801 1$bGPO 801 2$bOCLCO 801 2$bOCLCF 801 2$bGPO 906 $aBOOK 912 $a9910717195603321 996 $aLimnological study of Lake Shastina, Siskiyou County, California$93487199 997 $aUNINA LEADER 00943nam0-22003011i-450 001 990006624070403321 005 20230905165301.0 100 $a20010426d1976----km-y0itay50------ba 101 0 $aita 102 $aIT 105 $ay-------001yy 200 1 $aSindacato, industria e stato nel dopoguerra$estoria delle relazioni industriali in Italia dal 1943 al 1948$fa cura di Filippo Peschiera 210 $aFirenze$cLe Monnier$d1976 215 $aXXIV, 626 p.$d22 cm 225 1 $aQuaderni di storia$v38 676 $a331.0945$v14 700 1$aPeschiera,$bFilippo$0124410 701 $aAglieta,$bRoberto$0120857 702 $aCastelvetri,$bLaura 801 0$aIT$bUNINA$gRICA$2UNIMARC 901 $aBK 912 $a990006624070403321 952 $aCOLLEZ. 72 (38)$b12200$fFSPBC 952 $aDFT D75 AGLR 01$fFLFBC 959 $aFSPBC 959 $aFLFBC 996 $aSindacato, industria e stato nel dopoguerra$93550703 997 $aUNINA